Case Study Research:What,Why & How?/ (Record no. 189304)

MARC details
000 -LEADER
fixed length control field 00594nam a22001697a 4500
005 - DATE AND TIME OF LATEST TRANSACTION
control field 20220623112133.0
010 ## - LCCN (DPL NO)
LC control number vivek
020 ## - INTERNATIONAL STANDARD BOOK NUMBER
International Standard Book Number 9788132110293
Terms of availability 350.00
037 ## - SOURCE OF ACQUISITION
Source of stock number/acquisition SAGE Publications India Pvt. Ltd.
100 ## - MAIN ENTRY--PERSONAL NAME
Personal name Peter G. Swanborn
245 ## - TITLE STATEMENT
Title Case Study Research:What,Why & How?/
Statement of responsibility, etc Peter G. Swanborn
260 ## - PUBLICATION, DISTRIBUTION, ETC. (IMPRINT)
Place of publication, distribution, etc New Delhi
Name of publisher, distributor, etc SAGE Publications India Pvt. Ltd.
Date of publication, distribution, etc 2010
270 ## - ADDRESS
Address B1/I-1 Mohan Cooperative Industrial Area Mathura Road
City New Delhi
Postal code 110044
300 ## - PHYSICAL DESCRIPTION
Extent ix,178p
Other physical details ill.
Dimensions 24cm(Pb)
500 ## - GENERAL NOTE
General note Appendix,Bibliography,Author Index,Subject Index
942 ## - ADDED ENTRY ELEMENTS (KOHA)
Source of classification or shelving scheme Dewey Decimal Classification
Item type English Books
Call number prefix SWA

No items available.


© Delhi Public Library
Hit Counter
free hit counter